000 00757nam a2200265Ia 4500
003 OSt
005 20221007111907.0
006 a|||||r|||| 00| 0
007 ta
008 221006b |||||||| |||| 00| 0 eng d
020 _a9780195684117
024 _a24,509
037 _cTextual
040 _aLCO
_cLCO
_beng
041 _2eng
_aeng
082 _aV1:5, P5
100 _aAlston Philip Ed.
_9146429
245 0 _aHuman Rights and Developments
_b Towards Mutual Reinforcement
260 _aNew
_bDelhi Oxford University Press India
_c2005
300 _a551
650 _aHUMAN RIGHTS
700 _a Robinson Mary Ed.
_9708594
942 _hV1:5, P5
_cTEXL
999 _c1194072
_d1194072